[Event "Manhem Chessweek IM"]
[Site "Molnlycke kulturhus, Bibliote"]
[Date "2019.08.14"]
[Round "6.8"]
[White "Kucuksari, Kaan"]
[Black "Pham, Bich Ngoc"]
[Result "1-0"]
[WhiteElo "2310"]
[BlackElo "2176"]
[PlyCount "85"]
[EventDate "2019.08.10"]

1. d4 {0} f5 {558} 2. c4 {0} Nf6 {9} 3. Nc3 {0} g6 {7} 4. g3 {0} Bg7 {6} 5. Nf3
{2} O-O {18} 6. Bg2 {2} d6 {12} 7. O-O {6} c6 {8} 8. Rb1 {3} Qc7 {157} 9. d5 {
440} e5 {333} 10. dxe6 {48} Qe7 {174} 11. Bf4 {255} Rd8 {29} 12. e4 {339} Bxe6
{332} 13. Re1 {250} Qf8 {449} 14. Qb3 {1238} Na6 {677} 15. Ng5 $14 {338} Bf7 {
592} 16. Qxb7 {385} Bxc4 {17} 17. exf5 {984} gxf5 {584} 18. Bxc6 {1033} h6 {297
} 19. Ne6 {72} Nc5 {412} 20. Qxg7+ {110} Qxg7 {6} 21. Nxg7 {2} Kxg7 {66} 22.
Bxa8 {6} Rxa8 {4} 23. Bxd6 {7} Nd3 {41} 24. Re7+ {53} Kg6 {8} 25. b3 {145} Ba6
{6} 26. Be5 {103} Nxe5 {259} 27. Rxe5 {6} Bb7 {103} 28. Re7 {213} Bf3 {41} 29.
Ne2 {167} Nd5 {101} 30. Re6+ {25} Kf7 {20} 31. Nd4 {38} Rd8 {171} 32. Rbe1 {44}
Be4 {17} 33. f3 {26} Nc7 {68} 34. Rxh6 {22} Kg7 {20} 35. Rh4 {43} Rxd4 {114}
36. fxe4 {7} Rd2 {79} 37. exf5 {6} Nd5 {3} 38. Ra4 {46} Kf6 {16} 39. Rxa7 {7}
Nc3 {12} 40. Ra6+ {78} Kxf5 {8} 41. Rf1+ {1832} Ke5 {1829} 42. Rf2 {0} Rd1+ {0}
43. Kg2 {0} 1-0

[Event "Manhem Chessweek IM"]
[Site "Molnlycke kulturhus, Bibliote"]
[Date "2019.08.14"]
[Round "6.9"]
[White "Malmstig, Erik"]
[Black "Renman, Nils-Gustaf"]
[Result "0-1"]
[WhiteElo "2357"]
[BlackElo "2346"]
[PlyCount "72"]
[EventDate "2019.08.10"]

1. e4 {110} e6 {0} 2. d4 {7} d5 {0} 3. Nc3 {6} Nf6 {9} 4. Bg5 {61} Bb4 {21} 5.
e5 {19} h6 {6} 6. Bh4 {9} g5 {14} 7. Bg3 {8} Ne4 {23} 8. Nge2 {9} c5 {107} 9.
a3 {61} Bxc3+ {632} 10. Nxc3 {169} Qa5 {1059} 11. Qd3 $146 {1074} Nc6 {118} 12.
dxc5 {128} a6 {165} 13. O-O-O $1 {367} Nxc3 {765} 14. Qxc3 {19} Qxc3 {8} 15.
bxc3 {8} Bd7 {5} 16. h4 {452} O-O-O {157} 17. c4 {226} Ne7 {89} 18. cxd5 {87}
Nxd5 {461} 19. Rd4 {443} Ne7 {93} 20. Bd3 {349} Bb5 {709} 21. Rxd8+ {442} Rxd8
{2} 22. Bxb5 {57} axb5 {7} 23. hxg5 {54} hxg5 {6} 24. Rh5 {82} Rd5 $14 {324}
25. Rxg5 {116} Ng6 {506} 26. f4 {775} Rxc5 {14} 27. Kb2 {220} Kd7 {94} 28. Bf2
{315} Rc4 {182} 29. g3 {13} Re4 {36} 30. Kc3 {199} Kc6 {95} 31. Rh5 {161} Rc4+
{232} 32. Kd2 {179} Kd5 {94} 33. Rh7 {15} Rc7 {47} 34. Kd3 {16} Rd7 {83} 35. c3
{50} Kc6+ {34} 36. Ke4 {46} f5+ {21} 0-1